[Event "CAN-ch U10"]
[Site "Quebec"]
[Date "2018.07.05"]
[Round "5.138"]
[White "Zeng, Gordon"]
[Black "Power, Colin"]
[Result "1-0"]
[WhiteElo "519"]
[BlackElo "802"]
[PlyCount "27"]
[EventDate "2018.07.02"]
[EventType "swiss"]
[EventRounds "7"]
[EventCountry "CAN"]
[SourceTitle "EXT 2022"]
[Source "ChessBase"]
[SourceDate "2021.10.06"]
[SourceVersion "1"]
[SourceVersionDate "2021.10.06"]
[SourceQuality "1"]

1. e4 e5 2. Nf3 Nc6 3. Bc4 Nf6 4. Nc3 Bc5 5. d3 0-0 6. Bg5 d6 7. Nd5 Bg4 8. Nxf6+ gxf6 9. Bh6 Re8 10. h3 Bxf3 11. Qxf3 Bb4+ 12. c3 Nd4 13. Qg3+ Kh8 14. Qg7# 1-0

[Event "CAN-ch U10"]
[Site "Quebec"]
[Date "2018.07.03"]
[Round "3.127"]
[White "Zeng, Gordon"]
[Black "Bourdon Gosselin, Jules"]
[Result "0-1"]
[WhiteElo "519"]
[BlackElo "1124"]
[PlyCount "78"]
[EventDate "2018.07.02"]
[EventType "swiss"]
[EventRounds "7"]
[EventCountry "CAN"]
[SourceTitle "EXT 2022"]
[Source "ChessBase"]
[SourceDate "2021.10.06"]
[SourceVersion "1"]
[SourceVersionDate "2021.10.06"]
[SourceQuality "1"]

1. e4 e5 2. Nf3 Nc6 3. Bc4 Bc5 4. Nc3 Nf6 5. d3 0-0 6. Bg5 d6 7. Nd5 Bg4 8. Nxf6+ gxf6 9. Bh6 Re8 10. h3 Bh5 11. g4 Bg6 12. h4 Qd7 13. g5 Bh5 14. Qd2 Bxf3 15. gxf6 Qg4 16. Qg5+ Qxg5 17. hxg5 Bxh1 18. 0-0-0 Bf3 19. Rg1 Bh5 20. a3 Nd4 21. Rh1 Ne2+ 22. Kb1 Bg6 23. Re1 Nf4 24. b4 Bxf2 25. Rf1 Bd4 26. Ka2 c6 27. Kb3 d5 28. c3 dxc4+ 29. dxc4 Bb6 30. Rd1 Bxe4 31. Re1 Bg6 32. Rh1 e4 33. Rh4 Bc7 34. Rh2 Nd5 35. cxd5 Bxh2 36. Kc2 e3+ 37. Kd1 e2+ 38. Ke1 Bg3+ 39. Kd2 e1Q# 0-1